Активные методы обучения иностранному языку в вузе как способ мотивации студентов; Коммуникативные аспекты языка и культуры; Ч. 1

Detaylı Bibliyografya
Parent link:Коммуникативные аспекты языка и культуры: сборник материалов XI Международной научно-практической конференции студентов и молодых ученых, г. Томск, 18-20 мая 2011 г./ Национальный исследовательский Томский политехнический университет (ТПУ) ; под ред. С. А. Песоцкой.— , 2011
Ч. 1.— 2011.— [С. 245-249]
Yazar: Чудинова А. И. Алёна Игоревна
Özet:Заглавие с титульного листа.
Электронная версия печатной публикации.
Dil:Rusça
Baskı/Yayın Bilgisi: 2011
Seri Bilgileri:Общие и частные вопросы методологии и методики преподавания иностранных языков в аспекте традиций и инноваций
Konular:
Online Erişim:http://www.lib.tpu.ru/fulltext/c/2011/C77/V1/061.pdf
Materyal Türü: Elektronik Kitap Bölümü
KOHA link:https://koha.lib.tpu.ru/cgi-bin/koha/opac-detail.pl?biblionumber=617299

MARC

LEADER 00000naa2a2200000 4500
001 617299
005 20231101132943.0
035 |a (RuTPU)RU\TPU\conf\15612 
035 |a RU\TPU\conf\15611 
090 |a 617299 
100 |a 20160228d2011 k y0rusy50 ca 
101 0 |a rus 
102 |a RU 
105 |a y z 100zy 
135 |a drgn ---uucaa 
181 0 |a i  
182 0 |a b 
200 1 |a Активные методы обучения иностранному языку в вузе как способ мотивации студентов  |f А. И. Чудинова 
203 |a Текст  |c электронный 
215 |a 1 файл (145 Кб) 
225 1 |a Общие и частные вопросы методологии и методики преподавания иностранных языков в аспекте традиций и инноваций 
230 |a Электронные текстовые данные (1 файл : 145 Кб) 
300 |a Заглавие с титульного листа. 
300 |a Электронная версия печатной публикации. 
320 |a [Библиогр.: с. 249 (6 назв.)] 
337 |a Adobe Reader 
461 1 |0 (RuTPU)RU\TPU\conf\8793  |t Коммуникативные аспекты языка и культуры  |o сборник материалов XI Международной научно-практической конференции студентов и молодых ученых, г. Томск, 18-20 мая 2011 г.  |o в 3 ч.  |f Национальный исследовательский Томский политехнический университет (ТПУ) ; под ред. С. А. Песоцкой  |d 2011 
463 1 |0 (RuTPU)RU\TPU\conf\8794  |t Ч. 1  |v [С. 245-249]  |d 2011 
610 1 |a электронный ресурс 
610 1 |a труды учёных ТПУ 
610 1 |a иностранный язык 
610 1 |a активные методы обучения 
610 1 |a вузы 
610 1 |a мотивация 
610 1 |a студенты 
700 1 |a Чудинова  |b А. И.  |c лингвист  |c старший преподаватель Томского политехнического университета  |f 1982-  |g Алёна Игоревна  |2 stltpush  |3 (RuTPU)RU\TPU\pers\29194 
801 1 |a RU  |b 63413507  |c 20150310 
801 2 |a RU  |b 63413507  |c 20160302  |g RCR 
856 4 |u http://www.lib.tpu.ru/fulltext/c/2011/C77/V1/061.pdf 
942 |c BK